000 00357nam a2200145Ia 4500
003 OSt
005 20240109125226.0
008 170524s9999 xx 000 0 und d
020 _a9788183563468
040 _cIIMT UNIVERSITY
100 _aPANDEY- ANUPAM
245 0 _aPATRKARITA KI ADHUNIK PRAVERTIYA
260 _bNEW DELHI: DISCOVERY
942 _2ddc
_c01
999 _c9315
_d9315